The Pakistan paradox : (Record no. 96223)
[ view plain ]
| 000 -LEADER | |
|---|---|
| fixed length control field | 00972nam a22002417a 4500 |
| 005 - DATE AND TIME OF LATEST TRANSACTION | |
| control field | 20160531141910.0 |
| 010 ## - LCCN (DPL NO) | |
| LC control number | 1516ENO7 ENG-114857 |
| 020 ## - INTERNATIONAL STANDARD BOOK NUMBER | |
| International Standard Book Number | 9788184005745 |
| Terms of availability | 799.00 |
| 035 ## - SYSTEM CONTROL NUMBER | |
| System control number | EN-98389 |
| 035 ## - SYSTEM CONTROL NUMBER | |
| System control number | B-615226-237 |
| 037 ## - SOURCE OF ACQUISITION | |
| Stock number | dpl |
| Source of stock number/acquisition | Pansy/Ven |
| 082 ## - DEWEY DECIMAL CLASSIFICATION NUMBER | |
| Classification number | 954.91 |
| 100 ## - MAIN ENTRY--PERSONAL NAME | |
| Personal name | Jaffrelot, Christophe |
| 245 ## - TITLE STATEMENT | |
| Title | The Pakistan paradox : |
| Statement of responsibility, etc | by Christophe Jaffrelot ; translated by Cynthia Schoch |
| Remainder of title | instability and resilience / |
| 260 ## - PUBLICATION, DISTRIBUTION, ETC. (IMPRINT) | |
| Place of publication, distribution, etc | Gurgaon |
| Name of publisher, distributor, etc | Random House Publishers |
| Date of publication, distribution, etc | 2015 |
| 270 ## - ADDRESS | |
| Address | 7th Floor, Infinity Tower G, DLF Cyber City |
| City | Gurgaon |
| Postal code | 122002 |
| Telephone number | - |
| Fax number | - |
| Electronic mail address | - |
| 300 ## - PHYSICAL DESCRIPTION | |
| Extent | xii, 670p. |
| Dimensions | 24cm(pbk) |
| 500 ## - GENERAL NOTE | |
| General note | Includes bibliographical references (pages 657-659) and index. |
| 650 ## - SUBJECT ADDED ENTRY--TOPICAL TERM | |
| Topical term or geographic name as entry element | Politics and government. |
| 700 ## - ADDED ENTRY--PERSONAL NAME | |
| Dates associated with a name | Schoch ,Cynthia |
| 942 ## - ADDED ENTRY ELEMENTS (KOHA) | |
| Source of classification or shelving scheme | Dewey Decimal Classification |
| Item type | English Books |
| Call number suffix | JAF |
| Classification part | 954.91 |
| Withdrawn status | Lost status | Not for loan | Collection code | Home library | Current library | Date acquired | Source of acquisition | Cost, normal purchase price | Full call number | Barcode | Copy number | Cost, replacement price | Koha item type |
|---|---|---|---|---|---|---|---|---|---|---|---|---|---|
| Non-fiction | Bawana | Bawana | 31/05/2016 | 1543/28.9.2015/131/16.9.2015/4.11.2015 | 799.00 | 954.91 JAF | B-615236 | 1 | 799.00 | English Books | |||
| Non-fiction | Central Library | Central Library | 31/05/2016 | 1543/28.9.2015/131/16.9.2015/4.11.2015 | 799.00 | 954.91 JAF | B-615226 | 1 | 799.00 | English Books | |||
| Not For Loan | Reference | Central Library | Central Library | 31/05/2016 | 1543/28.9.2015/131/16.9.2015/4.11.2015 | 799.00 | 954.91 JAF | B-615227 | 1 | 799.00 | English Books | ||
| Non-fiction | Janak Puri | Janak Puri | 31/05/2016 | 1543/28.9.2015/131/16.9.2015/4.11.2015 | 799.00 | 954.91 JAF | B-615232 | 1 | 799.00 | English Books | |||
| Non-fiction | Karol Bagh | Karol Bagh | 31/05/2016 | 1543/28.9.2015/131/16.9.2015/4.11.2015 | 799.00 | 954.91 JAF | B-615234 | 1 | 799.00 | English Books | |||
| Non-fiction | Kasturba Gandhi Marg | Kasturba Gandhi Marg | 31/05/2016 | 1543/28.9.2015/131/16.9.2015/4.11.2015 | 799.00 | 954.91 JAF | B-615229 | 1 | 799.00 | English Books | |||
| Non-fiction | Narela | Narela | 31/05/2016 | 1543/28.9.2015/131/16.9.2015/4.11.2015 | 799.00 | 954.91 JAF | B-615235 | 1 | 799.00 | English Books | |||
| Non-fiction | Patel Nagar | Patel Nagar | 31/05/2016 | 1543/28.9.2015/131/16.9.2015/4.11.2015 | 799.00 | 954.91 JAF | B-615228 | 1 | 799.00 | English Books | |||
| Non-fiction | Peshwa Road | Peshwa Road | 31/05/2016 | 1543/28.9.2015/131/16.9.2015/4.11.2015 | 799.00 | 954.91 JAF | B-615230 | 1 | 799.00 | English Books | |||
| Non-fiction | Sarojini Nagar | Sarojini Nagar | 31/05/2016 | 1543/28.9.2015/131/16.9.2015/4.11.2015 | 799.00 | 954.91 JAF | B-615233 | 1 | 799.00 | English Books | |||
| Non-fiction | Shahdara Branch | Shahdara Branch | 09/02/2016 | DBAD/PUB | 799.00 | 954.91 JAF | EN-98389 | 1 | 799.00 | English Books | |||
| Non-fiction | Tri Nagar | Tri Nagar | 31/05/2016 | 1543/28.9.2015/131/16.9.2015/4.11.2015 | 799.00 | 954.91 JAF | B-615231 | 1 | 799.00 | English Books | |||
| Non-fiction | Yojana Vihar | Yojana Vihar | 31/05/2016 | 1543/28.9.2015/131/16.9.2015/4.11.2015 | 799.00 | 954.91 JAF | B-615237 | 1 | 799.00 | English Books |
